Memoria Inaugurationis Pontificiae Illustrissimi, Ac Reverendissimi Domini Nicolai Konde de Póka-Telek, Divina Providentia Episcopi Magno - Varadinensis, Die XXI. Mensis Aprilis, Anno MDCCCI. Solenni Ritu, Et Celebritate Peractae, His Etiam Officiosis Versiculis Posteritati Transcripta,

Bibliographic Details
Main Author: Tertina, Michael (Author)
Other Authors: Szighety, Michael (Printer)
Format: Book
Language:Latin
PhysicalDescription:14 s. 21 cm
Published: Typis Debrecinensibus Per Michalelem Szigethy Typogr. MDCCCI. (1801)
Subjects:

MARC

LEADER 00000nam a2200000 a 4500
001 vtls001422048
003 SK-MaSNL
005 20260301202459.0
008 240226s1801 hu lat
035 |a SNK000376905 
035 |a 6C13D3DF-5DA7-478B-811F-9C148E07C0FD 
035 |a urn:nbn:sk:snk-am00ibxq 
040 |a SNKHFA  |b slo  |c SNKHFA  |e AACR2 
041 0 |a lat 
044 |a hu  |c HU 
072 7 |a 808  |x Literárny štýl. Literárna činnosť a technika. Efektívne využívanie jazyka. Spisovateľská činnosť  |2 konspekt 
080 |a 808.5-051  |2 2011 
100 1 |a Tertina, Michael  |4 aut  |9 584565 
245 1 0 |a Memoria Inaugurationis Pontificiae Illustrissimi, Ac Reverendissimi Domini Nicolai Konde de Póka-Telek, Divina Providentia Episcopi Magno - Varadinensis, Die XXI. Mensis Aprilis, Anno MDCCCI. Solenni Ritu, Et Celebritate Peractae, His Etiam Officiosis Versiculis Posteritati Transcripta,  |c Per Michaelem Tertina, In Regia Magno - Varadinensis Academiae Archi - Gymnasio Humaniorum Litterarum Professorem Publicum Ordinarium 
260 |a Typis Debrecinensibus  |b Per Michalelem Szigethy Typogr.  |c MDCCCI. (1801) 
300 |a 14 s.  |c 21 cm 
501 |a Príväzok 33. k: TERTINA, Michal. Festivum Syncharma, Quod Tribus Successive Splendidissimis Dignitatibus... Cassoviae: Ex Typographia Ellingeriana, 1801.  |5 SNK SC 34994/1-34 
600 1 4 |a Kondé, Nicolaus  |9 323676 
655 7 |a príležitostné tlače  |2 SNKPH  |9 281484 
655 7 |a poézia  |2 SNKPH  |9 70555 
700 1 |a Szighety, Michael  |4 prt  |9 584566 
752 |a Maďarsko  |d Debrecín 
852 |a Slovenská národná knižnica  |b Historické fondy 
852 |a snk  |p SC 39666 ; SC 34994/1-34/prív.33 
958 |a ONDV 
958 |a DF 
999 |c 899012  |d 900942 
952 |a SNK  |b SNK  |y PREZ  |7 0  |p 17A1398003  |o snkSC 34994/1-34/prív.33  |i snkF 263/75  |8 5  |0 0  |1 0  |4 0  |d 2021-10-11  |f 1  |l 0  |r 2025-10-03 00:00:00  |w 2026-02-24 
952 |a SNK  |b SNK  |y PREZ  |7 0  |p 17A0985878  |o snkSC 39666  |i snkF 944/63  |8 5  |0 0  |1 0  |4 0  |d 2013-08-15  |l 0  |r 2025-10-15 00:00:00  |w 2026-02-24